Loading...
| History - European | 0 | 4 | 0 | 2 | 40 | 97 | 117.25 | 1 | 1 | 0.00 | 0.00 |
| History - World | 0 | 4 | 0 | 1 | 40 | 96 | 103.25 | 0 | 2 | 0.00 | 0.00 |
| Science - Physics | 0 | 2 | 0 | 0 | 20 | 67 | 78.00 | 0 | 0 | 0.00 | 0.00 |
| History - American | 0 | 2 | 0 | 0 | 20 | 90 | 95.00 | 0 | 0 | 0.00 | 0.00 |
| Literature - British | 0 | 2 | 0 | 0 | 20 | 103 | 107.50 | 0 | 1 | 0.00 | 0.00 |
| Science - Chemistry | 0 | 2 | 0 | 1 | 20 | 49 | 80.00 | 1 | 1 | 0.00 | 0.00 |
| Mythology | 0 | 1 | 0 | 0 | 10 | 122 | 122.00 | 0 | 0 | 0.00 | 0.00 |
| Science - Biology | 0 | 1 | 0 | 1 | 10 | 128 | 128.00 | 0 | 0 | 0.00 | 0.00 |
| Geography/Current Events | 0 | 1 | 0 | 1 | 10 | 129 | 129.00 | 0 | 1 | 0.00 | 0.00 |
| History - Other | 0 | 1 | 0 | 1 | 10 | 110 | 110.00 | 0 | 0 | 0.00 | 0.00 |
| Science - Other | 0 | 1 | 1 | 0 | 5 | 108 | 108.00 | 0 | 0 | 0.00 | 0.00 |